Quizzes
Events
Quiz Creation
Community
Videos
Private Events
Remove Ads
Sign In
Join for FREE
Feedback
Dark Mode
Quiz Categories
Sports
Geography
Music
Movies
Television
Just For Fun
Miscellaneous
History
Literature
Language
Science
Gaming
Entertainment
Religion
Holiday
For Kids
Quiz Lab
Recent
Popular Today
Quiz Kudos Today
Editor Picks
Curator Picks
Quizzes by...
Day
Popularity
Type
Ratings
Length
Year
Community
Subscriptions
Recent Discussions
Orange Saloon
Badges
Playlists
Quests
Create
Leaderboards
Showdown
Live 5
Trivia Bingo
Activity
Puzzle Library
Sporcle Events
Private Events
Virtual Trivia
Globe League
Become a Host
Pub Owners
SporcleCon
Opinionation
Our Games
Videos
Blog
Mobile Apps
Partnerships
Remove Ads and Go Orange
Feedback
Geography
Country
Landmarks
City
State
Population
World
Capital
Continent
Flags
Europe
Africa
Asia
South America
North America
Oceania
Border
Canada
United Kingdom
Topography
United States
Geography
Country
Landmarks
City
State
Population
World
Capital
Continent
Flags
Europe
Africa
Asia
South America
North America
Oceania
Border
Canada
United Kingdom
Topography
United States
Random Quiz
Search Sporcle
×
Quiz Lab
Quiz Lab
Geography
Physical
Type in answers that appear in a list
Type in answers that appear in a list
Classic
Best Score? Go Orange.
Physical Geography: S 3/4 Stats
Can you name the Physical Geography terms that begin with S?
By
Ashgabat
8m
43 Questions
10 Plays
10 Plays
10 Plays
Comments
Comments
Give Quiz Kudos
Give Quiz Kudos
-
- Ratings
hide this ad
Replay
Link that replays current quiz
Next Quiz
Link to next quiz in quiz playlist
You Got
0%
They Got
Avg Score
40%
Avg Friend Score
Upgrade to see
Score Distribution
Jump to the score distribution portion of the page
Score
0/43
Timer
08:00
0
Plays Today
What is/are the... ...?
Term
% Correct
2. Common name for Sodium Chloride (NaCl)
Salt
100%
18. Zone of the atmosphere which extends from the Tropopause to the #6
Stratosphere
100%
1. Term for rock fragments which have been formed by weathering and erosion
Sediment
90%
11. Astronomical event that happens twice each year when the Sun reaches its highest position in the sky as seen from the North or South Pole
Solstice
90%
5. Term for any rock formed by the deposition and cementation of #1
Sedimentary Rock
80%
6. Boundary between the #18 and the Mesosphere
Stratopause
80%
37. First appearance of the Sun above the horizon
Sunrise
80%
42. Last appearance of the Sun above the horizon
Sunset
80%
4. Ability to be dissolved
Soluble
70%
8. Form of chemical weathering in which #4 chemical in rocks dissolve in water
Solution
70%
15. Day with the longest amount of sunlight all year long
Summer Solstice
70%
21. Amount of #2 in a specific body of water
Salinity
70%
24. Term for a lake in a desert region with high levels of #2
Salt Lake
70%
43. Term for a #1 deposit laid down in a river or lake
Silt
70%
3. Term for any set of related elements and relationships
System
60%
13. Third oldest period of the Paleozoic era
Silurian
60%
14. Type of #5 which is similar to clay (fine grained and consists of thin layers or sheets)
Shale
60%
39. Social and political #3 based on the concept of common ownership of the means of production
Socialism
60%
17. Type of #5 in which the grains of sand are 0.001 to 0.1 inches (0.02 to 2 mm) in diameter
Sandstone
50%
20. Type of rock formed of metamorphosed clay or shale
Slate
50%
34. Type of farming in which the produce is consumed by the farmer and his or her family
Subsistence Farming
40%
36. Type of volcano which has been built up by eruptions of fluid basic lava with a gentle slope
Shield Volcano
40%
What is/are the... ...?
Term
% Correct
25. Term for a layer of sedimentary rock
Stratum
30%
31. Term for an area of coastal marsh which is flooded by the sea from time to time, often found by #24s or estuaries
Salt Marsh
30%
9. Term for an error which occurs repeatedly in samples
Systematic Error
20%
16. Main and basic foodstuffs that make up a diet
Staple Diet
20%
22. Type of crop grown by a farmer entirely for his or her own consumption
Subsistence Crop
20%
28. Height marked on a map at a particular point
Spot Height
20%
29. State in which small particles of #1 are carried by rivers
Suspension
20%
7. Term for pebbles which accumulate on a shore
Shingle
10%
10. Term for a slightly lower area between summits
Saddle
10%
12. Instrument for measuring the amount of sunshine in a given location
Sunshine Recorder
10%
19. Method used by Charles Spearman to compare a paired set of ranked values in order to look for a correlation
Spearman Rank Correlation
10%
32. Countries of the developed world with a history of a centrally planned communist economic #3
Second World
10%
40. Direction of a horizontal line along a rock #25 which is at right angles to the dip of the rocks
Strike
10%
23. Term for a mass of wet mud which is likely to slip down a slop
Slurry
0%
26. Term for a cross-
section which is designed to show certain specific inofrmation
Sketch Section
0%
27. Urban expansion along the roads leading from large towns
Strip Development
0%
30. Filtering through of wealth from a richer, core area to poorer, peripheral ones
Spread Effect
0%
33. Spanish term for a #2 pan
Salina
0%
35. Term for an area of high ground which protrudes into an area of lower ground
Spur
0%
38. Rearing of silkworms for the production of silk
Sericulture
0%
41. Term for a body of #2 that has intruded into a #5 overlay
Salt Dome
0%
Quiz Playlist
Details
Report
Send in Message
Add To Playlist
Classic:
Type in answers that appear in a list
Last Updated: Feb 16, 2017
Quiz Scoreboard
CHALLENGE
Sign Up to Join the Scoreboard
Show All
Scores
Hide
Comments
May contain spoilers
Recently Published
1-10 Letter E Words III
by El_Dandy
Language
2m
One Thing in Common: World Cities II
by knightlancer
Geography
7m
Popular People in 1961
by mucciniale
History
6m
More to Explore
Quiz From the Vault
Featured Blog Post
Where Did the Easter Bunny Come From?
hide this ad
You Might Also Like...
Tags
Extra
Physical
Term
Today's Top Quizzes in Geography
Browse Geography
hide this ad
Today's Top Quizzes in Physical
Browse Physical
Top Contributed Quizzes in Geography
1
Countries of the World - No Outlines Minefield
2
African Flag Reveal XLV
3
Top 25 Cities of France on a map
4
Closest Countries to UK A-Z
5
Blind Secret Country CLXXXVIII
6
Find the US States - No Outlines
7
One Thing in Common: Asia
8
Blind Ultimate Minefield: Asia
9
30 Pics in 60: Landmark Cities
10
Find the States of India (Picture Click)
Explore More
Trending Topics
Harry Potter
Anime
NBA
Marvel
Kpop
Crossword
Disney
Puzzle
Country
Soccer
Pokémon
NFL
The Office
WWE
Song
hide this ad
More By:
Ashgabat
Quiz
Plays
Rating
Category
Featured
Created
Former Country Names: Asia
1,167
4.20
Geography
Apr 30, 2012
Former Country Names: Africa
784
4.62
Geography
Apr 27, 2012
The Gettysburg Address - 5 Minute Blitz
518
3.50
History
Nov 21, 2013
Former Country Names: Europe
496
4.15
Geography
May 2, 2012
Eastern States' (plus Puerto Rico) Largest Cities
317
2.12
Geography
Dec 31, 2009
Go to Creator's Profile
Score Distribution
Quiz Creator Spotlight
Ashgabat
Follow
Send a Message
Quizzes Created
-
Created Quiz Play Count
-
More By This Creator
Popular Quizzes Today
1
Find the US States - No Outlines Minefield
2
The Countries of the World
3
Popular People in 1961
4
Find the Countries of Europe - No Outlines Minefield
5
1-10 Letter E Words III
6
Find the US States
7
One Thing in Common: World Cities II
8
US States
More Geography Quizzes
USA States: Unique 3-letter Combos, IV
Quiz Lab
Trending Quizzes
1-10 Letter F Words
One Thing in Common: Music
1-10 Letter G Words
Risky Map Clicking: Next State Alphabetically
1-10 Letter F Words II
Recently Updated
Leaping Animals
pecheneg
Reality TV Shows (A-Z)
bhenderson79
Rickey Henderson's Hall of Fame Teammates
pecheneg
Champions League XIs: Arsenal
pecheneg
Quick Pick: Celebrities in WWE's Hall of Fame
aduchscher
A-Z Keypad Blitz II
pecheneg
Multiple Oscar Actors
pecheneg
Mystery Phrase Blitz: Oscar 'Best Actors'
pecheneg
F. Scott Fitzgerald Novels
LTH
Pick 3 Villains
ddd62291
Trending Topics
Anime
Harry Potter
Crossword
Marvel
Kpop
NBA
Disney
WWE
Soccer
Puzzle
The Office
Song
Country
Pokémon
NFL
Your Account Isn't Verified!
In order to create a playlist on Sporcle, you need to verify the email address you used during registration. Go to your
Sporcle Settings
to finish the process.
Report this User
Report this user for behavior that violates our
Community Guidelines
.
Details:
Send Report
Go to the Sporcle.com Mobile Site →
Comments